[Event "Aegean Open"]
[Site "Agios Kirikos GRE"]
[Date "2006.07.17"]
[Round "7"]
[White "David,Ed"]
[Black "Koukoufikis,A"]
[Result "1-0"]
[WhiteElo "2192"]
[BlackElo "2253"]

1.d4 g6 2.e4 Bg7 3.Nc3 d6 4.Bg5 c6 5.Qd2 b5 6.Nf3 h6 7.Bh4 a6 8.Bd3 Nd7 9.a4 Bb7
10.O-O Qb6 11.e5 dxe5 12.dxe5 Nxe5 13.Nxe5 Bxe5 14.Rae1 Qc7 15.Bg3 Bxg3 16.fxg3 Qd6
17.Qf2 Rh7 18.Ne4 Qc7 19.Nc5 O-O-O 20.Bxg6 fxg6 21.Ne6 Qd6 22.Nxd8 Qxd8 23.Rd1 Qe8
24.Qf8 Qxf8 25.Rxf8+ Kc7 26.Rxg8 g5 27.Rdd8 bxa4 28.Rh8 Rg7 29.Rdg8 Rf7 30.Rf8 Rg7
31.Rxh6 Bc8 32.Kf2 g4 33.Rf4 e5 34.Rxa4 Re7 35.Rc4 Be6 36.Re4 Bf5 37.Re2 Kd7
38.h4 e4 39.Ke3 Be6 40.Rf6 Bd5 41.b3 Re8 42.c4 Be6 43.Ra2 Rb8 44.Ra3 Ke7
45.Rf4  1-0

[Event "6th Open"]
[Site "Saint Chely d'Aubrac FRA"]
[Date "2006.07.17"]
[Round "4"]
[White "Desboeufs,A"]
[Black "Lagunes,M"]
[Result "1-0"]
[WhiteElo "2028"]
[BlackElo "1860"]

1.e4 d6 2.d4 g6 3.Nc3 Bg7 4.f4 Nd7 5.Nf3 a6 6.Bc4 c5 7.Be3 e6 8.O-O Ngf6
9.dxc5 dxc5 10.Ng5 Qe7 11.e5 Ng8 12.Nce4 Nh6 13.Nd6+ Kf8 14.Qf3 Bxe5 15.Nxe6+ Kg8
16.Nxc8 Rxc8 17.fxe5 Nxe5 18.Qe4 Nxc4 19.Qxc4 Nf5 20.Bg5 Qxe6 21.Qxe6 fxe6
22.Bf6 Ne3 23.Rf3 Nxc2 24.Rc1 Nb4 25.a3 Nd5 26.Bxh8 Kxh8 27.Rf7 Rc7 28.Rxc7 Nxc7
29.Rxc5 Nd5 30.a4 Kg7 31.Rc8 a5 32.Kf2 h5 33.Kf3 b6 34.Rc6 Kf6 35.Ke4 g5
36.Rc8 b5 37.axb5 Nb6 38.Rc6 Nd7 39.b6 Ke7 40.b7  1-0

[Event "Czech Open A"]
[Site "Pardubice CZE"]
[Date "2006.07.21"]
[Round "1"]
[White "Palecek,P"]
[Black "Vokac,M"]
[Result "1/2-1/2"]
[WhiteElo "2283"]
[BlackElo "2498"]

1.e4 g6 2.d4 Bg7 3.Nc3 d6 4.Be3 a6 5.Be2 Nd7 6.Nf3 Ngf6 7.Nd2 c5 8.dxc5 dxc5
9.f4 O-O 10.e5 Ne8 11.Nde4 b6 12.Qd2 e6 13.O-O-O Qe7 14.Nd6 Nxd6 15.Qxd6 Qxd6
16.Rxd6 Rb8 17.Rhd1 Nxe5 18.fxe5 Bxe5 19.Rd8 Bb7 20.Rxb8 Rxb8 21.g3 Kg7 22.a4 a5
23.Bb5 h6 24.Rd2 g5 25.Bf1 f5 26.Bg2 Bxg2 27.Rxg2 Kf6 28.Re2 Bxc3 29.bxc3 e5
30.Bd2 c4 31.Be1 Ke6 32.Bf2 b5 33.Kb2 Kd5 34.axb5 Rxb5+ 35.Ka2 f4 36.gxf4 gxf4
37.Bh4 Ke6 38.Re4 Kd5 39.Re1 Ke6 40.Re4 Rc5 41.Bf2 Rd5 42.Rxc4 Rd2 43.Bb6 Kf5
44.Rc8 e4 45.Re8 a4 46.Kb2 e3 47.Bxe3 fxe3 48.Rxe3 Rxh2 49.c4 Rh4 50.Rc3 Ke5
51.c5 Kd5 52.c6 Rb4+ 53.Ka3 Rb8 54.Rh3  1/2-1/2

[Event "6th Open"]
[Site "Saint Chely d'Aubrac FRA"]
[Date "2006.07.21"]
[Round "8"]
[White "Karpatchev,A"]
[Black "Saucey,Mic"]
[Result "0-1"]
[WhiteElo "2533"]
[BlackElo "2342"]

1.e4 g6 2.d4 Bg7 3.Nc3 d6 4.f4 a6 5.Nf3 b5 6.Bd3 Nd7 7.e5 c5 8.exd6 exd6
9.Ne4 Qb6 10.dxc5 dxc5 11.Be2 Ngf6 12.Nd6+ Ke7 13.Nxc8+ Raxc8 14.c4 Rhe8
15.O-O Kf8 16.f5 Kg8 17.fxg6 hxg6 18.Qc2 Nb8 19.Bf4 Nc6 20.Rae1 Re4 21.Bd2 Nb4
22.Qb1 Rce8 23.Bd1 bxc4 24.Bc3 Nd3 25.Rxe4 Nxe4 26.Bxg7 Kxg7 27.Bc2 Nf6 28.Bxd3 cxd3
29.Qxd3 Qxb2 30.Qxa6 Re2 31.Ne1 Ne4 32.Qc4 Qd4+ 33.Qxd4+ cxd4 34.Nf3 d3 35.Ra1 Rc2
36.Nd4 Rb2 37.a4 d2 38.Ne2 d1=Q+ 39.Rxd1 Rxe2 40.Ra1 Nc5 41.a5 Na6 42.h3 Re6
43.Kf2 Kf6 44.Kf3 Re5 45.h4 Rb5 46.g4 Kg7 47.Ra3 Re5 48.Kf4 Re6 49.h5 Nc7
50.hxg6 Kxg6 51.Rd3 Ra6 52.Ra3 Nd5+ 53.Kg3 Ne7 54.Kh4 Nc6 55.Rc3 Nxa5 56.Ra3 Ra7
57.Rc3 Rb7 58.Rc5 Nb3 59.Rg5+ Kf6 60.Rf5+ Ke6 61.Kg5 Nd4 62.Rf1 Ke7 63.Kh5 Ne6
64.Rf2 Rb5+ 65.Kh4 Kf8 66.Ra2 Kg7 67.Ra8 Rb4 68.Ra6 Kg6 69.Rd6 Rb3 70.Ra6 Re3
71.Rb6 f6 72.Rc6 Ng5 73.Rc3 Nf3+  0-1

[Event "XI Open"]
[Site "Balaguer ESP"]
[Date "2006.07.22"]
[Round "6"]
[White "Djingarova,E"]
[Black "Movsziszian,K"]
[Result "1/2-1/2"]
[WhiteElo "2300"]
[BlackElo "2507"]

1.e4 d6 2.d4 g6 3.Nc3 Bg7 4.Nge2 Nf6 5.g3 O-O 6.Bg2 Nc6 7.h3 e5 8.Be3 exd4
9.Nxd4 Bd7 10.O-O Re8 11.Re1 a6 12.Nxc6 bxc6 13.Qd2 a5 14.Rad1 Qc8 15.Kh2 Re5
16.f3 Rh5 17.h4 a4 18.Bf4 Raa5 19.e5 dxe5 20.Bg5 Nd5 21.Ne4 Ra8 22.c4 h6
23.g4 Bxg4 24.fxg4 Qxg4 25.Bh3 Qf3 26.Bg2 Qg4 27.Bh3 Qf3 28.Bg2  1/2-1/2

[Event "Sunny Pawn B"]
[Site "Illichevsk UKR"]
[Date "2006.07.23"]
[Round "4"]
[White "Aliferenko,A"]
[Black "Kozel,R"]
[Result "1-0"]
[WhiteElo "2246"]
[BlackElo "2415"]

1.d4 g6 2.e4 Bg7 3.Nc3 d6 4.h3 a6 5.a4 Nc6 6.Nf3 Nf6 7.d5 Nb8 8.Be2 O-O 9.O-O e5
10.Nd2 Nbd7 11.a5 Ne8 12.Nc4 f5 13.exf5 gxf5 14.f4 Nef6 15.fxe5 Nxe5 16.Nxe5 dxe5
17.Bd3 e4 18.Bc4 Kh8 19.Bf4 Ne8 20.Bb3 Nd6 21.Rb1 Bd7 22.Ne2 Bb5 23.Rf2 Bxe2
24.Qxe2 Bd4 25.Kh1 Qf6 26.c4 Rae8 27.Rd1 e3 28.Rf3 Ne4 29.Rxd4 Qxd4 30.Bxe3 Qe5
31.Qd3 Nf6 32.Bd4 Qe4 33.Qc3 Qe1+ 34.Kh2 Qxc3 35.Bxc3 h6 36.Rxf5 Kg7 37.g4 Kg6
38.Bc2 Re2+ 39.Rf2+ Rxc2 40.Rxc2 Ne4 41.Be5 Rf7 42.c5 Ng5 43.Kg2 h5 44.c6 hxg4
45.cxb7 gxh3+ 46.Kh2 Nf3+ 47.Kxh3 Ng5+ 48.Kg2  1-0

[Event "XI Open"]
[Site "Balaguer ESP"]
[Date "2006.07.24"]
[Round "8"]
[White "Escobar Forero,A"]
[Black "Movsziszian,K"]
[Result "0-1"]
[WhiteElo "2431"]
[BlackElo "2507"]

1.e4 d6 2.d4 g6 3.Nc3 Bg7 4.f4 Nf6 5.Nf3 c5 6.dxc5 Qa5 7.Bd3 Qxc5 8.Qe2 O-O
9.Be3 Qa5 10.O-O Bg4 11.a3 Nc6 12.b4 Qd8 13.Rad1 Nd7 14.Qe1 a5 15.Ne2 axb4
16.axb4 Qc7 17.Kh1 Ra3 18.b5 Na5 19.Qb4 Ra2 20.e5 Rc8 21.Nc1 Ra1 22.Bd4 Bxf3
23.gxf3 Rxc1 24.Rxc1 dxe5 25.fxe5 Nxe5 26.Be4 b6 27.Rce1 e6 28.c3 Nec4 29.Re2 Rd8
30.Bxg7 Kxg7 31.Qa4 Qe7 32.Qc2 Qf6  0-1

[Event "MTO Open"]
[Site "Biel SUI"]
[Date "2006.07.24"]
[Round "1"]
[White "Schuette,Mar"]
[Black "Tseshkovsky,V"]
[Result "0-1"]
[WhiteElo "2194"]
[BlackElo "2576"]

1.e4 d6 2.d4 g6 3.Nc3 Bg7 4.h3 a6 5.a4 b6 6.Be3 Bb7 7.Nf3 Nf6 8.e5 dxe5 9.dxe5 Nd5
10.Nxd5 Qxd5 11.Qxd5 Bxd5 12.Be2 Nd7 13.O-O-O e6 14.Bd4 O-O 15.b3 b5 16.axb5 axb5
17.Bxb5 Bxf3 18.gxf3 Nxe5 19.Bxe5 Bxe5 20.Kd2 Ra2 21.Bd3 Rb8 22.Rb1 Rd8 23.Rhe1 Bd4
24.Ke2 Bxf2 25.Ra1 Rxa1 26.Rxa1 Bb6 27.Be4 Kg7 28.Rd1 Rd6 29.c4 Bc5 30.Rxd6 cxd6
31.f4 Kf6 32.Kf3 Ke7 33.Bc6 Bb4 34.Kg4 Bd2 35.Kf3 f5 36.Kg3 e5 37.fxe5 dxe5
38.Bd5 Bb4 39.Kf3 Kf6 40.Ke3 g5 41.Bf3 e4 42.Bxe4 fxe4 43.Kxe4 h5 44.Kd5 g4
45.Ke4 Kg5 46.Ke3 Kh4 47.hxg4 hxg4  0-1

[Event "Czech Open A"]
[Site "Pardubice CZE"]
[Date "2006.07.24"]
[Round "4"]
[White "Hagarova,Z"]
[Black "Haub,TM"]
[Result "1/2-1/2"]
[WhiteElo "2364"]
[BlackElo "2469"]

1.e4 g6 2.d4 Bg7 3.Nc3 d6 4.Be3 a6 5.Qd2 Nd7 6.O-O-O b5 7.h4 h6 8.f4 h5 9.Bd3 Ndf6
10.f5 gxf5 11.exf5 Nh6 12.Rf1 Bb7 13.Nf3 Rc8 14.Qe2 c5 15.dxc5 dxc5 16.Ng5 Qa5
17.Kb1 Nhg4 18.Bd2 Qb6 19.Be4 b4 20.Nd1 c4 21.Bc1 b3 22.cxb3 cxb3 23.axb3 Qxb3
24.Rh3 Qb6 25.Bxb7 Qxb7 26.Re1 O-O 27.Nc3 Rc7 28.Rd3 Rfc8 29.Nge4 Nxe4 30.Qxe4 Qb3
31.Qa4 Qb6 32.Bd2 Rb7 33.Qc2 a5 34.Bc1 Qa6 35.Red1 Rbb8 36.Rg3 Qf6 37.Bg5 Qe5
38.Rf3 a4 39.Bf4 Qa5 40.Bxb8 Rxb8 41.Nxa4 Bf6 42.Rb3 Ra8 43.Ra3 Rb8 44.Rb3 Ra8
45.Ra3 Rb8 46.Rb3  1/2-1/2

[Event "MTO Open"]
[Site "Biel SUI"]
[Date "2006.07.25"]
[Round "2"]
[White "Raetsky,A"]
[Black "Kobalia,M"]
[Result "1/2-1/2"]
[WhiteElo "2412"]
[BlackElo "2647"]

1.d4 g6 2.e4 Bg7 3.Nc3 d6 4.f4 c6 5.a4 Nf6 6.Nf3 O-O 7.Be2 a5 8.O-O Na6 9.Kh1 Nb4
10.Be3 Qc7 11.Qd2 Rd8 12.Rad1 Bg4 13.h3 Bxf3 14.Bxf3 e5 15.Qf2 Qe7 16.g4 exd4
17.Bxd4 Nd7 18.Be3 Na6 19.Bd4 Ndc5 20.g5 Bxd4 21.Qxd4 Nb4 22.Rf2 Ne6 23.Qd2 Nc7
24.Re2 Qf8 25.Qe1 Re8 26.h4 Rad8 27.Qg3 d5 28.f5 Nca6 29.exd5 Rxe2 30.Bxe2 cxd5
31.Rd2 gxf5 32.Bf3 d4 33.Ne2 d3 34.cxd3 Nxd3 35.Nf4 Nac5 36.Nd5 Qd6 37.Qxd6 Rxd6
38.Kh2 Kf8 39.Kg3 Ne5 40.Bg2 Ne4+ 41.Bxe4 fxe4 42.Rd1 Nc4 43.Nc3 Rd3+ 44.Kf4 Nxb2
45.Rc1 Rd4 46.Nb5 Nd3+ 47.Ke3 Nxc1 48.Kxd4 Nb3+ 49.Kc4 e3 50.Na3 e2 51.Nc2 Nd2+
52.Kd3 Nb1 53.Ne1 Kg7 54.Kc2 Na3+ 55.Kb3 b5 56.Kxa3 b4+ 57.Kb3 Kg6 58.Nc2 Kh5
59.Ne1 Kxh4  1/2-1/2

[Event "Open"]
[Site "Kiel GER"]
[Date "2006.07.25"]
[Round "6"]
[White "Bernhardt,G"]
[Black "Engelbert,C"]
[Result "1-0"]
[WhiteElo "1966"]
[BlackElo "2237"]

1.e4 g6 2.d4 Bg7 3.Nc3 d6 4.f4 a6 5.Nf3 b5 6.Bd3 Nd7 7.Be3 c5 8.e5 cxd4 9.Bxd4 Nc5
10.O-O Bb7 11.Bxc5 dxc5 12.Be4 Qb8 13.Bxb7 Qxb7 14.Qd5 Qxd5 15.Nxd5 Ra7 16.a4 b4
17.Rad1 e6 18.Nb6 Ne7 19.Rd3 O-O 20.Rfd1 Nf5 21.Kf2 Rb7 22.a5 f6 23.Rd7 Rxd7
24.Nxd7 Rd8 25.exf6 Bf8 26.Ng5 Nd6 27.Nxf8 Ne4+ 28.Ke1  1-0

[Event "Czech Open A"]
[Site "Pardubice CZE"]
[Date "2006.07.25"]
[Round "5"]
[White "Vymazal,B"]
[Black "Cedikova,K"]
[Result "1-0"]
[WhiteElo "2305"]
[BlackElo "2199"]

1.e4 g6 2.d4 Bg7 3.Nc3 d6 4.Be3 Nd7 5.Qd2 c6 6.Nf3 Ngf6 7.Bh6 O-O 8.Bxg7 Kxg7
9.O-O-O Qa5 10.h4 h5 11.Ng5 b5 12.Kb1 Rb8 13.f4 b4 14.Ne2 Nb6 15.Nc1 Na4
16.Nb3 Qc7 17.f5 c5 18.fxg6 fxg6 19.dxc5 dxc5 20.Bc4 Qe5 21.Qc1 Nb6 22.Nd2 Nxc4
23.Nxc4 Qc7 24.e5 Ng4 25.e6 Qc6 26.Rhe1 Ba6 27.Ne5 Nxe5 28.Rxe5 Bc8 29.Nf7 Bxe6
30.Qh6+ Kxf7 31.Rf1+ Ke8 32.Qxf8+  1-0

[Event "Czech Open A"]
[Site "Pardubice CZE"]
[Date "2006.07.25"]
[Round "5"]
[White "Zinchenko,Ya"]
[Black "Malykin,V"]
[Result "0-1"]
[WhiteElo "2485"]
[BlackElo "2370"]

1.e4 g6 2.d4 Bg7 3.Nc3 d6 4.Be3 a6 5.Qd2 Nd7 6.h4 Ngf6 7.f3 h6 8.g4 b5 9.a4 b4
10.Nce2 c5 11.Ng3 e6 12.Bd3 Qc7 13.c3 bxc3 14.Qxc3 Rb8 15.N1e2 Rb4 16.b3 Qb8
17.Bc2 cxd4 18.Bxd4 d5 19.e5 Rxd4 20.Qxd4 Nxe5 21.Qf4 d4 22.Kf1 d3 23.Bxd3 Nd5
24.Qd4 O-O 25.Rc1 Qxb3 26.Be4 Ne3+  0-1

[Event "XI Open"]
[Site "Balaguer ESP"]
[Date "2006.07.26"]
[Round "10"]
[White "Konguvel,P"]
[Black "Movsziszian,K"]
[Result "0-1"]
[WhiteElo "2404"]
[BlackElo "2507"]

1.e4 d6 2.d4 g6 3.Nc3 Bg7 4.Be3 a6 5.f4 b5 6.Nf3 Nd7 7.Bd3 c5 8.e5 Nh6 9.Be4 Ra7
10.dxc5 Nxc5 11.Bc6+ Bd7 12.exd6 Bxc6 13.Bxc5 Rd7 14.dxe7 Qc7 15.Ba3 Rxd1+
16.Rxd1 f6 17.O-O b4 18.Bxb4 Bxf3 19.Rxf3 Qb6+ 20.Kh1 Qxb4 21.Nd5 Qd6 22.c4 Kf7
23.h3 Nf5 24.Ne3 Qxe7 25.Nxf5 gxf5 26.Rfd3 Kg6 27.Rd7 Qe4 28.R1d3 Qxf4 29.Rf3 Qc1+
30.Kh2 Bh6 31.Rg3+ Kh5  0-1

[Event "Dutch Open"]
[Site "Dieren NED"]
[Date "2006.07.26"]
[Round "2"]
[White "Barua,D"]
[Black "Hartoch,R"]
[Result "1-0"]
[WhiteElo "2453"]
[BlackElo "2265"]

1.e4 g6 2.d4 d6 3.Nc3 Bg7 4.Be3 c6 5.Qd2 Nd7 6.a4 Ngf6 7.Nf3 O-O 8.h3 Qc7
9.Be2 b6 10.O-O Bb7 11.Rfd1 Rad8 12.Qe1 e5 13.dxe5 dxe5 14.Bc4 h6 15.Nh4 Kh7
16.Qe2 Bc8 17.Rd2 Nb8 18.Rad1 Rxd2 19.Qxd2 Re8 20.Qd6 Qxd6 21.Rxd6 Be6 22.Bxe6 Rxe6
23.Rxe6 fxe6 24.Nf3 Nbd7 25.Ne1 Bf8 26.Nd3 a5 27.f3 Ne8 28.Nb1 Kg8 29.Nd2 Nd6
30.Kf1 Kf7 31.Ke2 Kf6 32.f4 c5 33.g3 exf4 34.gxf4 e5 35.b3 Ke6 36.fxe5 Nxe5
37.Nf4+ Kd7 38.Nd5 Kc6 39.Bf4 Ndf7 40.Nf3 Nxf3 41.Kxf3 Nd8 42.c4 Ne6 43.e5 Nd4+
44.Ke4 Kd7 45.Nxb6+ Ke6 46.Nd5 Kd7 47.Nc3 Ke6 48.Nb5 Nxb3 49.Nc7+ Kd7 50.e6+ Kd8
51.Kd5 Nd4 52.Na6 Ne2 53.Bc7+ Ke8 54.Bxa5 Nf4+ 55.Kc6 Nxh3 56.Nc7+ Ke7 57.Bb6 Kd8
58.Nd5+  1-0

[Event "Summer Cup"]
[Site "Litohoro GRE"]
[Date "2006.07.26"]
[Round "5"]
[White "Malamatas,K"]
[Black "Pantovic,D"]
[Result "0-1"]
[WhiteElo "1907"]
[BlackElo "2192"]

1.e4 g6 2.d4 Bg7 3.Nc3 d6 4.Bg5 a6 5.f4 b5 6.a3 Bb7 7.Nf3 Nf6 8.Qd3 Nbd7
9.h3 O-O 10.Qe3 c5 11.Bd3 Nh5 12.g4 Ng3 13.Rg1 cxd4 14.Nxd4 Qb6 15.Rxg3 Bxd4
16.Qd2 f6 17.Bh6 Rfc8 18.Nd1 Nc5 19.Qe2 Qc6 20.c3 Nxd3+ 21.Rxd3 Bb6 22.e5 dxe5
23.fxe5 Rd8 24.exf6 Qh1+ 25.Kd2 Rxd3+ 26.Kxd3 Rd8+ 27.Kc2 Qe4+ 28.Qxe4 Bxe4+
29.Kb3 exf6 30.Bf4 Rd3 31.h4 Rf3 32.Bd6 Rf1 33.Bb8 Bf3 34.Kc2 Bxg4 35.Kd2 h5
36.Rc1 Kf7 37.Bg3 Bxd1 38.Rxd1 Be3+ 39.Ke2 Rxd1 40.Kxd1 g5 41.hxg5 fxg5 42.b3 Bc5
43.b4 Be3 44.Kc2  0-1

[Event "Czech Open A"]
[Site "Pardubice CZE"]
[Date "2006.07.26"]
[Round "6"]
[White "Lubbe,N"]
[Black "Nowik,V"]
[Result "0-1"]
[WhiteElo "2272"]
[BlackElo "2187"]

1.e4 d6 2.d4 g6 3.Nc3 Bg7 4.Bg5 h6 5.Bh4 Nd7 6.Nf3 c5 7.Be2 cxd4 8.Nxd4 Ngf6
9.O-O O-O 10.Re1 Nc5 11.Bf3 a6 12.Nd5 e5 13.Bxf6 Bxf6 14.Nb3 Bg7 15.Nd2 f5
16.c3 Be6 17.Nc4 Kh8 18.a4 Rb8 19.a5 Rf7 20.Ncb6 Qh4 21.g3 Qg5 22.h4 Qd8
23.h5 fxe4 24.Bxe4 Nxe4 25.Rxe4 Qg5 26.hxg6 Qxg6 27.Rh4 Rbf8 28.Rh2 Rf3 29.Ra4 Rd3
30.Qc2 e4 31.Nb4 Rxg3+ 32.Kf1 Rg1+ 33.Ke2 Qg4+ 34.Kd2 Qf4+ 35.Ke2 Bg4+ 36.f3 Qxh2+
37.Ke3 Re1+ 38.Qe2 Rxe2+  0-1

[Event "Czech Open A"]
[Site "Pardubice CZE"]
[Date "2006.07.26"]
[Round "6"]
[White "Mickevicius,J"]
[Black "Kadziolka,B"]
[Result "0-1"]
[WhiteElo "2246"]
[BlackElo "2359"]

1.d4 g6 2.e4 Bg7 3.Nc3 d6 4.Be2 a6 5.a4 b6 6.Nf3 Bb7 7.Bf4 e6 8.O-O Ne7 9.Qd2 h6
10.Rad1 Nd7 11.h3 g5 12.Be3 f5 13.exf5 exf5 14.d5 O-O 15.h4 f4 16.hxg5 fxe3
17.Qxe3 Nf5 18.Qe6+ Kh8 19.g4 Nc5 20.Qg6 Ne7 21.Qh5 Qe8 22.Qh2 Ng6 23.Nd4 Qe5
24.gxh6 Qxh2+ 25.Kxh2 Bxh6 26.b4 Nd7 27.Ne6 Rf7 28.g5 Bg7 29.Bh5 Ndf8 30.Ne2 Be5+
31.f4 Rh7 32.Ng3 Nxe6 33.fxe5 Nef4 34.exd6 cxd6  0-1

[Event "Czech Open A"]
[Site "Pardubice CZE"]
[Date "2006.07.26"]
[Round "6"]
[White "Suarez Pousa,D"]
[Black "Haub,TM"]
[Result "0-1"]
[WhiteElo "2377"]
[BlackElo "2469"]

1.e4 g6 2.d4 Bg7 3.Nc3 d6 4.f4 a6 5.a4 b6 6.Nf3 e6 7.Bd3 Ne7 8.O-O O-O 9.Qe1 d5
10.Ne2 c5 11.c3 cxd4 12.Nexd4 Nd7 13.b4 dxe4 14.Bxe4 Ra7 15.Ba3 Qc7 16.Ng5 Nf6
17.Bd3 Nfd5 18.Bb2 Nxf4 19.Qh4 h6 20.Qxf4 Qxf4 21.Rxf4 hxg5 22.Rf2 Rd8 23.Bf1 Rc7
24.Re1 g4 25.Re4 e5 26.Nb3 f5 27.Rc4 Rb7 28.a5 Be6 29.axb6 Rxb6 30.Rc7 Bxb3
31.Rxe7 Rd1 32.g3 Rc6 33.h3 Bf6 34.Ra7 e4 35.hxg4 e3 36.Re2 Bg5 37.c4 Bxc4
38.gxf5 Bxe2 39.Rg7+ Kf8 40.Rxg6 Rxf1+ 41.Kg2 Rc2 42.Be5 Bf3+  0-1

[Event "Czech Open A"]
[Site "Pardubice CZE"]
[Date "2006.07.27"]
[Round "7"]
[White "Pel,B"]
[Black "Cedikova,K"]
[Result "1-0"]
[WhiteElo "2301"]
[BlackElo "2199"]

1.Nc3 g6 2.d4 Bg7 3.e4 d6 4.h3 Nf6 5.Be3 O-O 6.g4 c5 7.g5 Nfd7 8.d5 b5 9.Bxb5 Qa5
10.Ne2 Ne5 11.f4 a6 12.Bd3 Nxd3+ 13.cxd3 f5 14.gxf6 Bxf6 15.Qd2 Ra7 16.O-O-O e6
17.Kb1 Rb7 18.b3 Qa3 19.Qc2 a5 20.Bc1 Qb4 21.Bb2 Na6 22.dxe6 Bxe6 23.f5 Bf7
24.fxg6 hxg6 25.Nf4 Bxc3 26.Bxc3 Qa3 27.Bb2 Bxb3 28.axb3 Rxb3 29.Kc1 Qa2
30.Rhg1 Rxf4 31.Rxg6+ Kh7 32.Rg7+ Kh6 33.Rg2 Kh7 34.Qc4 Rf8 35.Rg7+  1-0

[Event "Czech Open A"]
[Site "Pardubice CZE"]
[Date "2006.07.27"]
[Round "7"]
[White "Skjoldborg,J DEN"]
[Black "Ajrapetjan,Y"]
[Result "1-0"]
[WhiteElo "2290"]
[BlackElo "2406"]

1.e4 g6 2.d4 Bg7 3.Nc3 d6 4.f4 Nc6 5.Be3 Nf6 6.Nf3 O-O 7.e5 Nh5 8.Qd2 Bg4
9.Be2 f6 10.exf6 Bxf6 11.d5 Nb8 12.Nd4 Bxd4 13.Bxg4 Bg7 14.Be6+ Kh8 15.g4 Nf6
16.h4 h5 17.gxh5 Nxh5 18.Rg1 Nd7 19.Rxg6 Rf6 20.f5 Rxg6 21.fxg6 Ndf6 22.O-O-O b5
23.Qe2 Ng3 24.Qf3 b4 25.Qxg3 bxc3 26.bxc3 c5 27.Qf3 Qa5 28.Bg5 Qa3+ 29.Kd2 Ne4+
30.Qxe4 Qxc3+ 31.Ke2 Rf8 32.Bf7 Rb8 33.Qf3 Qc4+ 34.Rd3 Qxc2+ 35.Bd2  1-0

[Event "32nd Open"]
[Site "Sitges ESP"]
[Date "2006.07.27"]
[Round "7"]
[White "Parligras,M"]
[Black "Vidarte Morales,A"]
[Result "1-0"]
[WhiteElo "2510"]
[BlackElo "2403"]

1.e4 d6 2.d4 g6 3.Nc3 Bg7 4.Be3 c6 5.Qd2 b5 6.Bd3 Nd7 7.Nf3 Ngf6 8.Bh6 O-O
9.e5 Nd5 10.Nxd5 cxd5 11.h4 dxe5 12.Bxg7 Kxg7 13.dxe5 Nc5 14.h5 Rh8 15.Bxb5 Rb8
16.Nd4 Ne6 17.Nxe6+ Bxe6 18.Ba4 Qc7 19.h6+ Kf8 20.f4 Qc4 21.Bb3 Qe4+ 22.Kf2 g5
23.g3 gxf4 24.Qxf4 Rb4 25.Rh4 Qxf4+ 26.Rxf4 Rb8 27.Ra4 Rg8 28.Rxa7 Rg6 29.Ra4 Rxh6
30.Rh4 Kg7 31.Rxh6 Kxh6 32.a4 Kg5 33.Ke3 Rb4 34.a5 d4+ 35.Kd2 Bxb3 36.cxb3 Rxb3
37.Ra2 Rb8 38.a6 Kf5 39.b4 Kxe5 40.b5 Kd6 41.b6 Kc6 42.b7 Rd8 43.Rc2+ Kb6
44.Rc8  1-0

[Event "MTO Open"]
[Site "Biel SUI"]
[Date "2006.07.28"]
[Round "5"]
[White "Martinez,Vin"]
[Black "Andok,C"]
[Result "1-0"]
[WhiteElo "2158"]
[BlackElo "2018"]

1.d4 g6 2.e4 Bg7 3.Nc3 d6 4.Be3 c6 5.Qd2 b5 6.Bd3 Nf6 7.Bh6 O-O 8.h4 Qb6
9.Bxg7 Kxg7 10.e5 dxe5 11.dxe5 Ng8 12.h5 Nd7 13.Qf4 Rd8 14.e6 fxe6 15.h6+ Kh8
16.Qf7 Qd4 17.Nf3 Qf6 18.Ng5 Nf8 19.Qxf6+ Nxf6 20.Nf7+ Kg8 21.Nxd8  1-0

[Event "Dutch Open"]
[Site "Dieren NED"]
[Date "2006.07.28"]
[Round "4"]
[White "Van Delft,M"]
[Black "Hartoch,R"]
[Result "1/2-1/2"]
[WhiteElo "2382"]
[BlackElo "2265"]

1.e4 g6 2.d4 d6 3.Nc3 Bg7 4.Be3 c6 5.Qd2 Nd7 6.Nf3 Ngf6 7.Bd3 e5 8.h3 O-O
9.O-O b5 10.dxe5 dxe5 11.a4 b4 12.Ne2 Qa5 13.Ng3 Re8 14.Qe2 Nc5 15.Nd2 Nxd3
16.cxd3 Be6 17.Rfc1 Rac8 18.Nc4 Bxc4 19.Rxc4 Nd7 20.Nf1 f5 21.Qc2 c5 22.Nd2 f4
23.Nb3 Qd8 24.Bxc5 Nxc5 25.Rxc5 Bf8 26.Qc4+ Kg7 27.Rxc8 Qxc8 28.Qxc8 Rxc8
29.Rc1 Rd8 30.Rc7+ Kf6 31.Nc1 f3 32.gxf3 Bh6 33.Rc6+ Ke7 34.Kg2 Bxc1 35.Rxc1 Rxd3
36.Rc7+ Kd6 37.Rxa7 Rb3 38.a5 Rxb2 39.a6 Kc5 40.Rb7 Ra2 41.a7 Kc4 42.f4 exf4
43.e5 Kd5 44.Rxb4 Rxa7  1/2-1/2

[Event "XLVIII TCh-POR"]
[Site "Evora POR"]
[Date "2006.07.28"]
[Round "7"]
[White "Garrido Dominguez,J"]
[Black "Cordovil,J"]
[Result "1-0"]
[WhiteElo "2341"]
[BlackElo "2240"]

1.e4 d6 2.d4 g6 3.Nc3 Bg7 4.Be3 c6 5.Qd2 a6 6.a4 Nd7 7.Nf3 Ngf6 8.Bh6 Bxh6
9.Qxh6 Qa5 10.Bd3 Qh5 11.Qd2 c5 12.Be2 cxd4 13.Nxd4 Qa5 14.Nb3 Qb4 15.O-O Nc5
16.Nxc5 Qxc5 17.a5 Be6 18.Na4 Qc6 19.Nb6 Rd8 20.f3 O-O 21.c4 Nd7 22.Nd5 Bxd5
23.exd5 Qc5+ 24.Kh1 e6 25.b4 Qc7 26.f4 Rfe8 27.dxe6 fxe6 28.Qd4 Nb8 29.Bf3 Nc6
30.Qd2 d5 31.cxd5 Qd6 32.Rab1 exd5 33.b5 Nb8 34.bxa6 bxa6 35.Rb6 Qe7 36.f5 Qe3  1-0

[Event "Czech Open A"]
[Site "Pardubice CZE"]
[Date "2006.07.28"]
[Round "8"]
[White "Mashinskaya,I"]
[Black "Angskog,K"]
[Result "1-0"]
[WhiteElo "2386"]
[BlackElo "2269"]

1.d4 g6 2.Nc3 Bg7 3.e4 d6 4.Nge2 a6 5.a4 e5 6.Be3 Nc6 7.h3 f5 8.exf5 Bxf5
9.g4 Bd7 10.Bg2 Nf6 11.O-O Bxg4 12.dxe5 Bxe2 13.Qxe2 Nh5 14.exd6 O-O 15.dxc7 Qxc7
16.Nd5 Qe5 17.Qc4 Kh8 18.c3 Rae8 19.Rae1 Qf5 20.Qg4 Qc2 21.Bc5 Rg8 22.Rxe8 Rxe8
23.Qd7 Qe2 24.Qxb7 Ne5 25.Nc7 Rg8 26.Ne6 Bf6 27.Be3 g5 28.Nd4 Qd3 29.Be4 Qc4
30.Qxh7+  1-0

[Event "Summer Cup"]
[Site "Litohoro GRE"]
[Date "2006.07.29"]
[Round "8"]
[White "Shavtvaladze,N"]
[Black "Pantovic,D"]
[Result "1/2-1/2"]
[WhiteElo "2383"]
[BlackElo "2192"]

1.e4 g6 2.d4 Bg7 3.Nc3 d6 4.f4 Nf6 5.Nf3 O-O 6.Be3 Nc6 7.Be2 e6 8.Qd2 Ne7
9.h3 b6 10.e5 Nfd5 11.Nxd5 Nxd5 12.Bf2 Bh6 13.g3 dxe5 14.dxe5 c5 15.O-O-O Bb7
16.c4 Nb4 17.a3 Nc6 18.Qxd8  1/2-1/2

[Event "MTO Open"]
[Site "Biel SUI"]
[Date "2006.07.30"]
[Round "6"]
[White "Gaponenko,I"]
[Black "Avrukh,B"]
[Result "0-1"]
[WhiteElo "2458"]
[BlackElo "2641"]

1.e4 g6 2.d4 Bg7 3.Nc3 d6 4.f4 Nc6 5.Be3 Nf6 6.Nf3 O-O 7.Bb5 e6 8.O-O Ne7
9.a4 a6 10.Bd3 b6 11.Kh1 c5 12.dxc5 bxc5 13.e5 Nfd5 14.Bg1 Nxf4 15.exd6 Qxd6
16.Ne4 Qc7 17.Bxc5 Rd8 18.a5 Rd5 19.Bb6 Qc6 20.Nd4 Bxd4 21.Rxf4 Bb7 22.Bxd4 Rxd4
23.Qf1 Rad8 24.Nf6+ Kh8 25.Be4 Rxe4 26.Rxe4 Nf5 27.Re2 Rd4 28.c3 Rh4 29.Qd1 Kg7
30.Rf2 Kxf6 31.Rxf5+ Kxf5  0-1

[Event "15th Open A"]
[Site "Vienna AUT"]
[Date "2006.07.30"]
[Round "2"]
[White "Srienz,C"]
[Black "Galdunts,S"]
[Result "1/2-1/2"]
[WhiteElo "2261"]
[BlackElo "2502"]

1.e4 g6 2.d4 Bg7 3.Nc3 d6 4.Nf3 Nf6 5.Be2 O-O 6.O-O c6 7.Re1 Qc7 8.Bf4 Nh5
9.Bg5 h6 10.Be3 e5 11.Qd2 Kh7 12.Rad1 Re8 13.h3 Nd7 14.dxe5 dxe5 15.Bc4 Nb6
16.Bb3 Bf8 17.Nh2 Nf6 18.Qe2 Be6 19.Qf3 Ng8 20.Ng4 Nc4 21.Bc1 b5 22.Qg3 a5  1/2-1/2

[Event "15th Open A"]
[Site "Vienna AUT"]
[Date "2006.07.31"]
[Round "3"]
[White "Arif,B"]
[Black "Sulyok,M"]
[Result "0-1"]
[WhiteElo "2062"]
[BlackElo "2217"]

1.e4 g6 2.d4 Bg7 3.Nc3 d6 4.Nf3 a6 5.Be2 b5 6.O-O Bb7 7.a3 Nd7 8.Bg5 c5 9.d5 Ngf6
10.Nd2 O-O 11.f4 Qb6 12.Kh1 e6 13.Bf3 exd5 14.exd5 Rae8 15.Rb1 c4 16.b3 Qe3
17.Nde4 Nxe4 18.Nxe4 Rxe4 19.f5 Qxg5 20.Bxe4 Nc5 21.Bf3 Qxf5 22.bxc4 bxc4
23.Bg4 Qg5 24.Bf3 Be5 25.g3 Qe3 26.Bg2 Bc8 27.Qf3 Qxf3 28.Bxf3 Bf5 29.Rf2 h5
30.Re1 Rb8 31.Kg2 Rb2 32.h3 Rxc2 33.Rxc2 Bxc2 34.g4 hxg4 35.hxg4 Bd3 36.Be2 Bxe2
37.Rxe2 Nd3 38.Kf3 c3 39.Ke3 Nf4 40.Re1 Ng2+  0-1

[Event "15th Open A"]
[Site "Vienna AUT"]
[Date "2006.07.31"]
[Round "3"]
[White "Locatin,M"]
[Black "Wolloner,T"]
[Result "0-1"]
[WhiteElo "1995"]
[BlackElo "2154"]

1.e4 g6 2.d4 Bg7 3.Nc3 d6 4.Bc4 a6 5.Qf3 e6 6.Nge2 Nc6 7.Be3 b5 8.Bb3 Na5
9.Qg3 Bb7 10.f3 Ne7 11.O-O O-O 12.Nd1 d5 13.Nf2 Nc4 14.Bxc4 bxc4 15.Rad1 Nc8
16.Qh3 h5 17.e5 f5 18.g4 Ne7 19.gxh5 gxh5 20.Nf4 Qe8 21.Kh1 Ng6 22.Nxg6 Qxg6
23.Rg1 Qh7 24.Rg5 h4 25.Rdg1 Rf7 26.Bf4 Kh8 27.Rg6 Re8 28.Nd1 c5 29.c3 Bc6
30.Qg2 Rb7 31.Nf2 a5 32.Nh3 a4 33.Be3 a3 34.bxa3 cxd4 35.cxd4 c3 36.Rg5 Bh6
37.Rh5 Bxe3 38.Rxh7+ Rxh7 39.Nf2 Bxd4 40.f4 Bxf2  0-1

[Event "35th TCh-GRE"]
[Site "Ermioni GRE"]
[Date "2006.07.??"]
[Round "8"]
[White "Kotronias,V"]
[Black "Azmaiparashvili,Z"]
[Result "1/2-1/2"]
[WhiteElo "2601"]
[BlackElo "2669"]

1.e4 d6 2.d4 g6 3.Nc3 Bg7 4.f4 a6 5.Nf3 b5 6.Bd3 Nd7 7.a4 b4 8.Ne2 c5 9.c3 Rb8
10.O-O Bb7 11.a5 bxc3 12.bxc3 Ngf6 13.e5 Nd5 14.Ng5 h6 15.Ne6 fxe6 16.Bxg6+ Kf8
17.Ng3 Nxc3 18.Qg4 cxd4 19.Nh5 Nf6 20.exf6 Bxf6 21.Nxf6 exf6 22.Qxe6 Qe7
23.Re1 Qxe6 24.Rxe6 Nb5 25.Bh5 f5 26.Rf6+ Ke7 27.Rxf5 Be4 28.Rf7+ Ke6 29.g4 Rb7
30.Rxb7 Bxb7 31.Bg6 Bf3 32.h3 Nc3 33.Kf2 Be4 34.f5+ Ke5 35.Bd2 Nb1 36.Bc1 Nc3
37.Bd2 Nb1 38.Bc1 Nc3 39.Bd2  1/2-1/2